[Event "4NCL/Div3/OXF2 vs. ICENI"]
[Site "Sunningdale ENG"]
[Date "2008.10.19"]
[Round "2.4"]
[White "Ruthen, Steven"]
[Black "Hadi, Justin"]
[Result "1-0"]
[WhiteElo "2050"]
[BlackElo "2015"]
[PlyCount "79"]
[EventDate "2008.10.19"]
[SourceDate "2008.10.04"]

1. c4 c5 2. g3 Nc6 3. Bg2 g6 4. Nc3 Bg7 5. a3 e5 6. b4 cxb4 7. axb4 Nh6 8. b5
Ne7 9. e4 d6 10. Nge2 Be6 11. d3 Qd7 12. O-O O-O 13. Be3 f5 14. Qb3 Kh8 15.
Bxa7 f4 16. f3 fxg3 17. hxg3 Bh3 18. Be3 Nf7 19. Na4 Nc8 20. Nc5 dxc5 21. Rxa8
b6 22. Qc2 h5 23. Nc3 Bf6 24. Bxh3 Qxh3 25. Qg2 Qd7 26. Nd5 Bd8 27. Qd2 Kg7 28.
Kg2 Rh8 {=} 29. Qe2 h4 30. g4 h3+ 31. Kh2 Ng5 32. f4 exf4 33. Bxf4 Nf7 34. Bg3
Nh6 35. Ne3 Bg5 36. Be5+ Kh7 37. Bxh8 Bxe3 38. Bb2 Nxg4+ 39. Kh1 Qc7 40. Qxg4
1-0

[Event "4NCL/Div3/OXF2 vs. ICENI"]
[Site "Sunningdale ENG"]
[Date "2008.10.19"]
[Round "2.5"]
[White "Neatherway, Philip"]
[Black "Donaghay, Richard"]
[Result "0-1"]
[WhiteElo "1960"]
[BlackElo "1980"]
[PlyCount "97"]
[EventDate "2008.10.19"]
[SourceDate "2008.10.04"]

1. c4 e5 2. Nc3 Nc6 3. g3 g6 4. Bg2 Bg7 5. Nf3 d6 6. d3 Nge7 7. Rb1 f5 8. Nd5
O-O 9. O-O Be6 10. Ng5 Bd7 11. b4 h6 12. Nf3 Nxd5 13. cxd5 Ne7 14. Qb3 Qe8 15.
Bb2 Qf7 16. Nd2 c6 17. dxc6 Be6 18. Qa4 bxc6 19. a3 Bd5 20. Bxd5 cxd5 21. Rbc1
Nc8 22. Rc6 f4 23. Qb3 Qe6 24. Ne4 fxg3 25. hxg3 Kh7 26. Kg2 Re8 27. Nc5 Qe7
28. Na6 Qb7 29. b5 d4 30. Kg1 Rd8 31. a4 Ne7 32. Rc2 Rac8 33. Rfc1 Rxc2 34.
Rxc2 Rc8 35. Nb4 Rc5 36. Rxc5 dxc5 37. Na6 Qc8 38. Ba3 Qg4 39. Qc2 Nf5 40. Bxc5
h5 41. Kf1 h4 42. gxh4 Qxh4 43. Kg1 Bh6 44. e3 dxe3 45. Bxe3 Nxe3 46. fxe3
Bxe3+ 47. Kf1 Qh1+ 48. Ke2 Qg2+ 49. Kd1 0-1

[Event "4NCL/Div3/OXF2 vs. ICENI"]
[Site "Sunningdale ENG"]
[Date "2008.10.19"]
[Round "2.6"]
[White "Botham, Paul"]
[Black "Levicki, Jeffrey"]
[Result "1-0"]
[WhiteElo "2036"]
[BlackElo "1940"]
[PlyCount "101"]
[EventDate "2008.10.19"]
[SourceDate "2008.10.04"]

1. d4 Nf6 2. Nf3 g6 3. Bg5 Bg7 4. Nbd2 d6 5. e4 Nbd7 6. c3 c5 7. Bd3 Qb6 8. Qb3
Qxb3 9. Nxb3 c4 10. Bxc4 Nxe4 11. Be3 Nb6 12. Bd3 d5 13. Nbd2 f5 14. Ne5 O-O
15. f4 g5 16. g3 g4 17. O-O-O Be6 18. Bc2 Rac8 19. Nxe4 dxe4 20. Bb3 Bxb3 21.
axb3 Nd5 22. Rhe1 Bxe5 23. dxe5 Nb4 24. Kb1 Nd3 25. Rh1 b6 26. h3 h5 27. hxg4
hxg4 28. Rh5 Rc6 29. Rdh1 Rg6 30. e6 Rxe6 31. Rg5+ Kf7 32. Rxf5+ Rf6 33. Rg5
Rg6 34. Rh7+ Kg8 35. Rxg6+ Kxh7 36. Re6 Rf7 37. Rxe4 e5 38. fxe5 Rf1+ 39. Ka2
Re1 40. e6 Nc1+ 41. Ka3 Nd3 42. b4 Nf2 43. e7 Nxe4 44. e8=Q Rxe3 45. Qh5+ Kg7
46. Qxg4+ Kh7 47. Qf5+ Kh8 48. g4 Re1 49. Kb3 Nd2+ 50. Kc2 Nf1 51. Qf2 1-0

[Event "4NCL/Div3/CAMB2 vs. BCA"]
[Site "Sunningdale ENG"]
[Date "2008.10.19"]
[Round "2.1"]
[White "Pickard, Charles"]
[Black "Mordue, A Tyson"]
[Result "1/2-1/2"]
[WhiteElo "2199"]
[BlackElo "2292"]
[PlyCount "52"]
[EventDate "2008.10.19"]
[SourceDate "2008.10.04"]

1. c4 g6 2. g3 Bg7 3. Bg2 d6 4. d4 Nf6 5. Nf3 O-O 6. O-O Nbd7 7. Qc2 e5 8. Rd1
Qe7 9. Nc3 c6 10. e4 a5 11. dxe5 dxe5 12. Na4 b5 13. cxb5 cxb5 14. Nc3 Bb7 15.
Bg5 Qc5 16. Qe2 b4 17. Bxf6 Nxf6 18. Nd5 Nxd5 19. exd5 e4 20. Ng5 Bxd5 21. Rac1
Bc4 22. Qg4 Qb5 23. Qh4 h6 24. Nxe4 Be2 25. Nd6 Qh5 26. Qxh5 Bxh5 1/2-1/2

[Event "4NCL/Div3/CAMB2 vs. BCA"]
[Site "Sunningdale ENG"]
[Date "2008.10.19"]
[Round "2.2"]
[White "Cole, Tristram C"]
[Black "Cooley, Oliver"]
[Result "0-1"]
[WhiteElo "1970"]
[BlackElo "2128"]
[PlyCount "44"]
[EventDate "2008.10.19"]
[SourceDate "2008.10.04"]

1. e4 d5 2. exd5 Qxd5 3. Nc3 Qa5 4. Nf3 Nf6 5. Be2 c6 6. O-O Bf5 7. d4 e6 8.
Bd2 Nbd7 9. a3 Qc7 10. Nh4 Bg6 11. f4 Bd6 12. b4 Ne4 13. Nxe4 Bxe4 14. h3 h6
15. f5 O-O-O 16. fxe6 fxe6 17. Bf3 Nf6 18. Qe2 Bxc2 19. Qxe6+ Kb8 20. Qc4 Be4
21. Bxe4 Nxe4 22. Be3 Bh2+ 0-1

[Event "4NCL/Div3/CAMB2 vs. BCA"]
[Site "Sunningdale ENG"]
[Date "2008.10.19"]
[Round "2.3"]
[White "Spencer, Carl"]
[Black "Burnell, Steve"]
[Result "1-0"]
[WhiteElo "2134"]
[BlackElo "1950"]
[PlyCount "131"]
[EventDate "2008.10.19"]
[SourceDate "2008.10.04"]

1. e4 c6 2. d4 d5 3. Nc3 dxe4 4. Nxe4 Bf5 5. Ng3 Bg6 6. Nf3 Nf6 7. h4 h6 8. h5
Bh7 9. Bd3 Bxd3 10. Qxd3 e6 11. Bf4 Bd6 12. Bxd6 Qxd6 13. O-O-O Nbd7 14. Rh4
O-O-O 15. Ne4 Nxe4 16. Qxe4 Qd5 17. Qxd5 cxd5 18. Rd3 Kb8 19. Rg4 Rhg8 20. Ne5
Nf6 21. Rf4 Rgf8 22. Rdf3 Kc8 23. g4 Rde8 24. Kd1 Re7 25. Ke2 Rc7 26. c3 b5 27.
Rxf6 gxf6 28. Rxf6 b4 29. Kd3 bxc3 30. bxc3 Rb7 31. Kc2 Kd8 32. Rxh6 f6 33. Nd3
Rg7 34. Nc5 Ke7 35. f3 Kd6 36. Kd3 Ke7 37. Ke3 Rb8 38. Nd3 Kf7 39. Nf4 Rc8 40.
Kd3 Rb8 41. Kc2 Rc8 42. Ng6 Rb8 43. f4 Re8 44. g5 fxg5 45. fxg5 Rc8 46. a4 a5
47. Ne5+ Ke7 48. Rg6 Rxg6 49. Nxg6+ Kf7 50. Nf4 Rg8 51. h6 Rh8 52. g6+ Kg8 53.
h7+ Kg7 54. Kd3 Re8 55. Ke3 e5 56. dxe5 Rxe5+ 57. Kf3 Re8 58. Kg4 Re5 59. Nh5+
Kh8 60. Ng3 Kg7 61. Nf5+ Kh8 62. Kg5 Re1 63. Nd6 Rg1+ 64. Kf6 Rf1+ 65. Ke5 Rg1
66. Nf7+ 1-0

[Event "4NCL/Div3/CAMB2 vs. BCA"]
[Site "Sunningdale ENG"]
[Date "2008.10.19"]
[Round "2.4"]
[White "Birchall, Bruce H"]
[Black "Robertson, J Stuart"]
[Result "0-1"]
[WhiteElo "2000"]
[BlackElo "2050"]
[PlyCount "60"]
[EventDate "2008.10.19"]
[SourceDate "2008.10.04"]

1. e4 c5 2. Nf3 Nc6 3. d4 cxd4 4. Nxd4 Nf6 5. Nc3 e5 6. Nb3 Bb4 7. Bd3 d5 8.
exd5 Nxd5 9. Bd2 Bxc3 10. bxc3 O-O 11. O-O f5 12. Bc4 Kh8 13. Rb1 Nf6 14. Qe2
a6 15. Nc1 Qc7 16. Be3 b5 17. Bb3 Re8 18. a4 f4 19. Bd2 e4 20. f3 e3 21. Be1
Ne5 22. Nd3 Nc4 23. Bxc4 bxc4 24. Nb2 Rb8 25. Bh4 Be6 26. Rfd1 Red8 27. g3
Rxd1+ 28. Qxd1 Qd7 29. Qxd7 Nxd7 30. Kf1 Bf5 0-1

[Event "4NCL/Div3/CAMB2 vs. BCA"]
[Site "Sunningdale ENG"]
[Date "2008.10.19"]
[Round "2.5"]
[White "Campbell, Mark"]
[Black "Andrews, Norman"]
[Result "1-0"]
[WhiteElo "1995"]
[BlackElo "1765"]
[PlyCount "59"]
[EventDate "2008.10.19"]
[SourceDate "2008.10.04"]

1. e4 d6 2. d4 Nf6 3. Nc3 g6 4. f4 Bg7 5. Nf3 c5 6. d5 Qa5 7. Bd2 Ng4 8. h3 Nh6
9. Bd3 Qb6 10. Na4 Qc7 11. c4 Bd7 12. Nc3 Na6 13. a3 Qb8 14. O-O O-O 15. Qe1
Qc8 16. Qh4 f6 17. f5 g5 18. Nxg5 fxg5 19. Bxg5 Nxf5 20. exf5 Bxf5 21. Bxf5
Rxf5 22. Bxe7 Rxf1+ 23. Rxf1 Qd7 24. Ne4 Re8 25. Nf6+ Bxf6 26. Bxf6 Qf7 27. Bc3
Qg6 28. Rf6 Qg7 29. Rxd6 Qc7 30. Qg5+ 1-0

[Event "4NCL/Div3/CAMB2 vs. BCA"]
[Site "Sunningdale ENG"]
[Date "2008.10.19"]
[Round "2.6"]
[White "Irving, Alastair"]
[Black "Lim, Mark"]
[Result "0-1"]
[WhiteElo "1585"]
[BlackElo "1897"]
[PlyCount "96"]
[EventDate "2008.10.19"]
[SourceDate "2008.10.04"]

1. e4 e6 2. d4 d5 3. Nd2 Nf6 4. e5 Nfd7 5. Bd3 c5 6. c3 Nc6 7. Ne2 cxd4 8. cxd4
f6 9. exf6 Nxf6 10. Nf3 Bd6 11. Bf4 Bb4+ 12. Bd2 Bd6 13. Bf4 Bb4+ 14. Bd2 Be7
15. O-O O-O 16. Re1 Ne4 17. Nf4 Bd6 18. Bxe4 Bxf4 19. Bd3 Qf6 20. Bxf4 Qxf4 21.
Bc2 Bd7 22. Rc1 Rad8 23. Qd3 g6 24. Qe3 Rc8 25. Qxf4 Rxf4 26. Ba4 Nxd4 27. Nxd4
Rxc1 28. Rxc1 Bxa4 29. Rc8+ Kf7 30. Rc7+ Kf6 31. Nf3 Rc4 32. Rxc4 dxc4 33. Kf1
Bc6 34. Nd2 Bd5 35. g3 Ke5 36. Ke2 b5 37. Kd1 Kd4 38. Kc2 b4 39. f4 a6 40. h3
h6 41. h4 c3 42. bxc3+ bxc3 43. Nb1 Be4+ 44. Kc1 Bxb1 45. Kxb1 Kd3 46. Kc1 h5
47. a3 a5 48. Kd1 a4 0-1

[Event "4NCL/Div3/LIT1 vs. FCA2"]
[Site "Sunningdale ENG"]
[Date "2008.10.19"]
[Round "2.1"]
[White "Smith, Andrew P"]
[Black "Smith, Graham"]
[Result "1/2-1/2"]
[WhiteElo "2191"]
[BlackElo "2085"]
[PlyCount "61"]
[EventDate "2008.10.19"]
[SourceDate "2008.10.04"]

1. e4 c5 2. Nf3 e6 3. d4 cxd4 4. Nxd4 Bc5 5. Nb3 Bb6 6. Nc3 Ne7 7. Bf4 d5 8.
exd5 exd5 9. Bd3 O-O 10. O-O Nbc6 11. Qh5 f5 12. Rfe1 Ng6 13. Bg5 Qd6 14. Nb5
Qb8 15. Qf3 d4 16. Qd5+ Kh8 17. Nd6 h6 18. Bd2 Nce7 19. Nf7+ Kg8 20. Nxh6+ Kh7
21. Qf3 gxh6 22. Qh5 Ng8 23. Bc4 Qd6 24. Bxg8+ Kxg8 25. Qxh6 a5 26. Bg5 Bd8 27.
Bxd8 Rxd8 28. Nxd4 Qxd4 29. Rad1 Qxd1 30. Qxg6+ Kh8 31. Qh6+ 1/2-1/2

[Event "4NCL/Div3/LIT1 vs. FCA2"]
[Site "Sunningdale ENG"]
[Date "2008.10.19"]
[Round "2.2"]
[White "Kendall, Paul S N"]
[Black "Byron, Alan M"]
[Result "1/2-1/2"]
[WhiteElo "2062"]
[BlackElo "2204"]
[PlyCount "41"]
[EventDate "2008.10.19"]
[SourceDate "2008.10.04"]

1. e4 c5 2. c3 Nf6 3. e5 Nd5 4. d4 cxd4 5. Nf3 e6 6. cxd4 b6 7. Nc3 Bb7 8. Bd3
Be7 9. O-O Nxc3 10. bxc3 d5 11. Ne1 Qd7 12. Qe2 Nc6 13. a4 Na5 14. Nc2 g6 15.
Ba3 O-O 16. Bxe7 Qxe7 17. Ne3 Rfc8 18. Ng4 Nc4 19. Nf6+ Kh8 20. f4 Nd6 21. exd6
1/2-1/2

[Event "4NCL/Div3/LIT1 vs. FCA2"]
[Site "Sunningdale ENG"]
[Date "2008.10.19"]
[Round "2.3"]
[White "Weeks, Manuel"]
[Black "Elwin, Adrian G"]
[Result "1-0"]
[WhiteElo "2174"]
[BlackElo "2015"]
[PlyCount "79"]
[EventDate "2008.10.19"]
[SourceDate "2008.10.04"]

1. e4 c6 2. d4 d5 3. Nc3 dxe4 4. Nxe4 Bf5 5. Ng3 Bg6 6. h4 h6 7. Nf3 e6 8. h5
Bh7 9. Bd3 Bxd3 10. Qxd3 Nd7 11. Bf4 Ngf6 12. O-O-O Be7 13. Ne4 Nxe4 14. Qxe4
Nf6 15. Qe2 Qa5 16. Kb1 Rd8 17. Ne5 Nd5 18. Bd2 Qb6 19. Qg4 Bf6 20. Rhe1 Nc7
21. c3 a5 22. Qg3 Nb5 23. Nc4 Qa6 24. Bf4 c5 25. Be5 Bxe5 26. Rxe5 O-O 27. Rxc5
Rd5 28. Rxd5 exd5 29. Ne3 Qe6 30. Qe5 Rd8 31. Nf5 Qxe5 32. dxe5 Kf8 33. f4 Nc7
34. g3 Ne6 35. Nd6 b6 36. Rxd5 g5 37. f5 Ng7 38. g4 Ne8 39. Rd4 f6 40. Nxe8 1-0

[Event "4NCL/Div3/LIT1 vs. FCA2"]
[Site "Sunningdale ENG"]
[Date "2008.10.19"]
[Round "2.4"]
[White "Valentine, Brian J"]
[Black "Sugden, John N"]
[Result "1/2-1/2"]
[WhiteElo "1995"]
[BlackElo "2173"]
[PlyCount "84"]
[EventDate "2008.10.19"]
[SourceDate "2008.10.04"]

1. e4 c6 2. d4 d5 3. Nd2 dxe4 4. Nxe4 Bf5 5. Ng3 Bg6 6. Nf3 Nd7 7. h4 h6 8. h5
Bh7 9. Bd3 Bxd3 10. Qxd3 Qc7 11. Be3 e6 12. O-O-O Ngf6 13. c4 O-O-O 14. Kb1 c5
15. Qc2 Bd6 16. Ne4 Nxe4 17. Qxe4 Nf6 18. Qc2 Kb8 19. Rh4 Ka8 20. Qa4 a6 21.
Rc1 cxd4 22. Nxd4 Bc5 23. b4 Qb6 24. Nc2 {=} Bxe3 25. Nxe3 Rd2 26. c5 Qb5 27.
Qxb5 axb5 28. Rc2 Rhd8 29. Kc1 R2d4 30. Rxd4 Rxd4 31. a3 Nxh5 32. c6 bxc6 33.
Rxc6 Nf4 34. Rc7 Nd3+ 35. Kc2 Nxf2 36. Rxf7 Ng4 37. Kc3 Re4 38. Nc2 Rc4+ 39.
Kd2 g5 40. Rh7 e5 41. Rd7 Rf4 42. Ne3 Nxe3 1/2-1/2

[Event "4NCL/Div3/LIT1 vs. FCA2"]
[Site "Sunningdale ENG"]
[Date "2008.10.19"]
[Round "2.5"]
[White "Mansson, James C"]
[Black "Adebajo, Femi"]
[Result "1/2-1/2"]
[WhiteElo "2160"]
[BlackElo "2014"]
[PlyCount "150"]
[EventDate "2008.10.19"]
[SourceDate "2008.10.04"]

1. Nf3 f5 2. d3 d5 3. c4 c6 4. cxd5 cxd5 5. d4 Nf6 6. Nc3 e6 7. Bf4 Bb4 8. Qa4+
Nc6 9. Ne5 Qa5 10. Qxa5 Nxa5 11. a3 Nb3 12. Rd1 Ba5 13. f3 O-O 14. e3 Bd7 15.
Nxd7 Nxd7 16. Bb5 Nb6 17. O-O a6 18. Bd3 Bxc3 19. bxc3 Rfc8 20. Bc2 Na5 21. e4
Rxc3 22. Bb1 fxe4 23. fxe4 Nbc4 24. exd5 exd5 25. Bf5 Re8 26. Rde1 Ne3 27. Rf3
Nac4 28. Kf2 g6 29. Bd7 Re7 30. Bh6 Nd1+ 31. Rxd1 Rxf3+ 32. Kxf3 Rxd7 33. Rd3
b5 34. g4 Kf7 35. Kf4 Ke6 36. Kg5 Rf7 37. h4 Nd6 38. h5 Ne4+ 39. Kh4 Rf1 40.
Rh3 Kf6 41. hxg6 hxg6 42. Bf8 Kf7 43. Bb4 Kg7 44. Rh2 Rf3 45. Be7 Kf7 46. Bb4
Ke6 47. Rc2 Rf2 48. Rxf2 Nxf2 49. Kg5 Kf7 50. Ba5 Ne4+ 51. Kf4 Ke6 52. Bd8 Nd6
53. Bb6 Nc4 54. Bc5 a5 55. Kg5 Kf7 56. Kf4 Kf6 57. Bf8 b4 58. axb4 g5+ 59. Kf3
a4 60. b5 Ke6 61. Ke2 a3 62. Bb4 Kd7 63. Kd1 Kc7 64. Kc1 Kb6 65. Kb1 Kxb5 66.
Be7 Ka4 67. Bxg5 Kb3 68. Bc1 a2+ 69. Ka1 Nd6 70. Bb2 Ne4 71. Bc1 Nf2 72. g5 Ne4
73. g6 Nf6 74. Bg5 Ng8 75. Bd8 Ka3 1/2-1/2

[Event "4NCL/Div3/LIT1 vs. FCA2"]
[Site "Sunningdale ENG"]
[Date "2008.10.19"]
[Round "2.6"]
[White "Matthews, Adrian"]
[Black "Edwards, Alan"]
[Result "0-1"]
[WhiteElo "1928"]
[BlackElo "2085"]
[PlyCount "62"]
[EventDate "2008.10.19"]
[SourceDate "2008.10.04"]

1. e4 e6 2. d4 d5 3. e5 c5 4. c3 Nc6 5. Nf3 Qb6 6. Bd3 cxd4 7. cxd4 Bd7 8. O-O
Nxd4 9. Nxd4 Qxd4 10. Qe2 Ne7 11. Be3 Qxe5 12. f4 Qd6 13. Nc3 a6 14. Rad1 Nc6
15. a3 Be7 16. b4 O-O 17. Rf3 f5 18. Bc5 Qc7 19. Qf2 Bxc5 20. Qxc5 b6 21. Qf2
Nxb4 22. axb4 Qxc3 23. Bxf5 Qxb4 24. Bxh7+ Kxh7 25. Qh4+ Kg8 26. Rh3 Qe4 27.
Re1 Qg6 28. f5 Qxf5 29. Rf3 Qh7 30. Rxf8+ Rxf8 31. Qe7 Qf5 0-1

[Event "4NCL/Div3/HACK vs. AMCAR"]
[Site "Sunningdale ENG"]
[Date "2008.10.19"]
[Round "2.1"]
[White "Chin, Francis"]
[Black "McLaughlin, Noel"]
[Result "1/2-1/2"]
[WhiteElo "2261"]
[BlackElo "2025"]
[PlyCount "54"]
[EventDate "2008.10.19"]
[SourceDate "2008.10.04"]

1. d4 d6 2. Nf3 f5 3. Nc3 Nf6 4. Bg5 Nc6 5. h4 e6 6. e4 fxe4 7. Nxe4 Be7 8. Bd3
Nb4 9. Nxf6+ gxf6 10. Bh6 Bf8 11. Bxf8 Nxd3+ 12. Qxd3 Kxf8 13. O-O-O Qe7 14.
Nd2 Rg8 15. Rdg1 Bd7 16. f3 Re8 17. g4 Qf7 18. Kb1 Re7 19. Ne4 d5 20. Nc5 Bc8
21. Qa3 b6 22. Nd3 a5 23. g5 Ba6 24. gxf6 Qxf6 25. Ne5 Bb5 26. Qe3 Rxg1+ 27.
Qxg1 c5 1/2-1/2

[Event "4NCL/Div3/HACK vs. AMCAR"]
[Site "Sunningdale ENG"]
[Date "2008.10.19"]
[Round "2.2"]
[White "Sparkes, Daniel A"]
[Black "Ociepka, Adrian"]
[Result "1/2-1/2"]
[WhiteElo "2000"]
[BlackElo "2115"]
[PlyCount "44"]
[EventDate "2008.10.19"]
[SourceDate "2008.10.04"]

1. e4 e5 2. Nf3 Nc6 3. Bb5 a6 4. Ba4 Nf6 5. d3 b5 6. Bb3 Bc5 7. O-O d6 8. h3
O-O 9. Nc3 Be6 10. Bg5 h6 11. Bxf6 Qxf6 12. Nd5 Qd8 13. c3 Ne7 14. d4 exd4 15.
cxd4 Bxd5 16. Bxd5 c6 17. dxc5 cxd5 18. cxd6 Qxd6 19. exd5 {=} Rfd8 20. Re1
Nxd5 21. Re4 Qf6 22. Qd4 Qxd4 1/2-1/2

[Event "4NCL/Div3/HACK vs. AMCAR"]
[Site "Sunningdale ENG"]
[Date "2008.10.19"]
[Round "2.3"]
[White "Lee, Martin"]
[Black "Owens, Trefor"]
[Result "1/2-1/2"]
[WhiteElo "2050"]
[BlackElo "1990"]
[PlyCount "39"]
[EventDate "2008.10.19"]
[SourceDate "2008.10.04"]

1. d4 Nf6 2. c4 e5 3. dxe5 Ng4 4. Nf3 Bc5 5. e3 Nc6 6. Be2 Ngxe5 7. Nxe5 Nxe5
8. O-O d6 9. Nc3 a6 10. b3 h5 11. f3 Be6 12. Kh1 Qh4 13. Qe1 Qe7 14. e4 g5 15.
Qd2 g4 16. Nd5 Bxd5 17. cxd5 g3 18. Qg5 gxh2 19. Qxe7+ Kxe7 20. Bg5+ 1/2-1/2

[Event "4NCL/Div3/HACK vs. AMCAR"]
[Site "Sunningdale ENG"]
[Date "2008.10.19"]
[Round "2.4"]
[White "Staples, Daniel J"]
[Black "Shaw, Dashiell L"]
[Result "0-1"]
[WhiteElo "1985"]
[BlackElo "1940"]
[PlyCount "50"]
[EventDate "2008.10.19"]
[SourceDate "2008.10.04"]

1. e4 c5 2. Na3 Nc6 3. Bb5 Nf6 4. d3 d6 5. c3 a6 6. Bxc6+ bxc6 7. h3 g6 8. Nf3
Bg7 9. O-O O-O 10. Re1 Qc7 11. Be3 Rb8 12. Qd2 Rd8 13. Rab1 Be6 14. c4 Rb7 15.
Ng5 Bd7 16. f4 Rdb8 17. e5 Ne8 18. d4 Bf5 19. dxc5 Bxb1 20. cxd6 exd6 21. Rxb1
dxe5 22. b3 Rd8 23. Qf2 h6 24. Ne4 exf4 25. Bxf4 Qe7 0-1

[Event "4NCL/Div3/HACK vs. AMCAR"]
[Site "Sunningdale ENG"]
[Date "2008.10.19"]
[Round "2.5"]
[White "Vives, Pepe"]
[Black "Mitchell, Stephen R"]
[Result "1/2-1/2"]
[WhiteElo "1840"]
[BlackElo "1980"]
[PlyCount "32"]
[EventDate "2008.10.19"]
[SourceDate "2008.10.04"]

1. e4 b6 2. d4 Bb7 3. Bd3 e6 4. Nf3 c5 5. c3 Nf6 6. Qe2 Be7 7. O-O Nc6 8. Bg5
cxd4 9. Nxd4 d6 10. f4 Nd7 11. Bxe7 Qxe7 12. Nd2 Rc8 13. N2f3 Nc5 14. Bb5 O-O
15. Nxc6 Bxc6 16. Bxc6 Rxc6 1/2-1/2

[Event "4NCL/Div3/FPONTY vs. WOB"]
[Site "Sunningdale ENG"]
[Date "2008.10.19"]
[Round "2.1"]
[White "Sully, David"]
[Black "Harley-Yeo, Gareth"]
[Result "1/2-1/2"]
[WhiteElo "2135"]
[BlackElo "2036"]
[PlyCount "53"]
[EventDate "2008.10.19"]
[SourceDate "2008.10.04"]

1. e4 c5 2. Nf3 e6 3. Nc3 a6 4. d4 cxd4 5. Nxd4 Nc6 6. g3 Qc7 7. Bg2 Nf6 8. O-O
Nxd4 9. Qxd4 Bc5 10. Bf4 d6 11. Qd2 h6 12. Rad1 e5 13. Be3 O-O 14. Bxc5 dxc5
15. Nd5 Nxd5 16. exd5 Qd6 17. f4 exf4 18. Qxf4 Qxf4 19. Rxf4 b5 20. d6 Ra7 21.
Re4 Be6 22. Re5 c4 23. Rc5 Rd8 24. c3 g6 25. Be4 Kg7 26. Rd2 Rc8 27. Rxc8
1/2-1/2

[Event "4NCL/Div3/FPONTY vs. WOB"]
[Site "Sunningdale ENG"]
[Date "2008.10.19"]
[Round "2.2"]
[White "Carpenter, Dai"]
[Black "Adams, Mark A"]
[Result "1/2-1/2"]
[WhiteElo "1981"]
[BlackElo "2034"]
[PlyCount "48"]
[EventDate "2008.10.19"]
[SourceDate "2008.10.04"]

1. d4 Nf6 2. Nf3 e6 3. e3 b6 4. Bd3 Bb7 5. O-O Be7 6. Nbd2 O-O 7. c4 c5 8. b3
d6 9. Bb2 Nc6 10. Rc1 Rc8 11. Qe2 Re8 12. Rfd1 Qc7 13. Bb1 h6 14. Nf1 Qb8 15.
Ng3 d5 16. cxd5 Nxd5 17. dxc5 Bxc5 18. Rxd5 exd5 19. Qd3 g6 20. Nh5 Red8 21.
Nf6+ Kf8 22. Nh4 Ne7 23. Nh7+ Kg8 24. Nf6+ Kf8 1/2-1/2

[Event "4NCL/Div3/FPONTY vs. WOB"]
[Site "Sunningdale ENG"]
[Date "2008.10.19"]
[Round "2.3"]
[White "Davis, Lee"]
[Black "Davies, Matthew"]
[Result "1-0"]
[WhiteElo "1946"]
[BlackElo "1971"]
[PlyCount "63"]
[EventDate "2008.10.19"]
[SourceDate "2008.10.04"]

1. d4 d5 2. g3 Nf6 3. Bg2 Bf5 4. c4 c6 5. Nc3 e6 6. Nf3 Bd6 7. O-O Nbd7 8. Nd2
O-O 9. e4 dxe4 10. Ndxe4 Nxe4 11. Nxe4 Bc7 12. Qb3 Qc8 13. Be3 Bg6 14. Rac1 f5
15. Ng5 f4 16. Bd2 Nf6 17. d5 e5 18. Bb4 h6 19. Ne6 Rf7 20. Bh3 Nd7 21. Nxc7
Qxc7 22. Be6 c5 23. Bc3 f3 24. Qd1 Be4 25. Re1 Nf6 26. Re3 Raf8 27. Qe1 Kh8 28.
Rxe4 Nxe4 29. Qxe4 Re7 30. Bxe5 Qb6 31. Qg6 a5 32. Qxh6# 1-0

[Event "4NCL/Div3/FPONTY vs. WOB"]
[Site "Sunningdale ENG"]
[Date "2008.10.19"]
[Round "2.4"]
[White "Healey, Michael"]
[Black "StClair, Allan"]
[Result "1/2-1/2"]
[WhiteElo "2016"]
[BlackElo "1836"]
[PlyCount "210"]
[EventDate "2008.10.19"]
[SourceDate "2008.10.04"]

1. e4 d5 2. Nc3 dxe4 3. Nxe4 Bf5 4. Ng3 Bg6 5. h4 h6 6. Nf3 e6 7. Ne5 Qf6 8.
Nxg6 Qxg6 9. Qf3 c6 10. Qb3 b6 11. a4 Bd6 12. h5 Qg4 13. Be2 Qb4 14. Qf3 Nf6
15. a5 b5 16. b3 Qf4 17. d3 Bb4+ 18. Kf1 Qd4 19. Ra2 Qc3 20. Kg1 Nbd7 21. Nf1
Rc8 22. Qg3 Qe1 23. c3 Qxc1 24. cxb4 Qb1 25. Rd2 Qxb3 26. Rh4 c5 27. Bd1 Qd5
28. Ne3 Qg5 29. Qh2 cxb4 30. d4 e5 31. dxe5 Qxe5 32. Rxb4 Qxh2+ 33. Kxh2 a6 34.
Nf5 Kf8 35. Bf3 g6 36. Ne3 Rc7 37. hxg6 fxg6 38. Rd6 Ra7 39. Nd5 Nxd5 40. Bxd5
Kg7 41. Be4 Nf6 42. Bf3 g5 43. Rbd4 h5 44. Rb6 g4 45. Bd1 Nd7 46. Re6 Rf8 47.
f3 gxf3 48. Bxf3 Nc5 49. Re5 Nb3 50. Rd6 Nxa5 51. Rg5+ Kf7 52. Bxh5+ Ke7 53.
Rh6 Kd8 54. Rd5+ Rd7 {=} 55. Rxd7+ Kxd7 56. Rxa6 Nc4 57. Bf3 Ne5 58. Bd5 Rb8
59. Be6+ Ke7 60. Bb3 Nd3 61. Rc6 b4 62. g4 Kd7 63. Rc2 Rf8 64. g5 Ne5 65. Rg2
Rf3 66. Bd5 Rf4 67. g6 Rh4+ 68. Kg1 Nxg6 69. Rxg6 Rd4 70. Be6+ Kc7 71. Rg3 Kd6
72. Bb3 Rf4 73. Rd3+ Ke5 74. Kg2 Rd4 75. Rh3 Rd2+ 76. Kf1 Kd4 77. Bg8 Rc2 78.
Rb3 Kc5 79. Ke1 Rg2 80. Be6 Rg6 81. Bf5 Rg5 82. Bd3 Rg3 83. Kd2 Rh3 84. Kc1 Rh2
85. Bc2 Rf2 86. Kb2 Kc4 87. Rh3 Rf4 88. Bd3+ Kc5 89. Kb3 Rd4 90. Rg3 Rd5 91.
Bc4 Re5 92. Bd3 Kd4 93. Kc2 Rc5+ 94. Kd2 Rc3 95. Rg4+ Kc5 96. Rh4 Rb3 97. Rc4+
Kd5 98. Rg4 Kc5 99. Bc2 Rc3 100. Rg5+ Kc4 101. Ba4 Rh3 102. Rg4+ Kc5 103. Kc2
Rf3 104. Kb2 Re3 105. Bc2 Rh3 1/2-1/2

[Event "4NCL/Div3/FPONTY vs. WOB"]
[Site "Sunningdale ENG"]
[Date "2008.10.19"]
[Round "2.5"]
[White "Davis, Ashley"]
[Black "Zhu, Yao Yao"]
[Result "0-1"]
[WhiteElo "1740"]
[BlackElo "1997"]
[PlyCount "48"]
[EventDate "2008.10.19"]
[SourceDate "2008.10.04"]

1. d4 d5 2. Nf3 c6 3. g3 e6 4. Bg2 f5 5. O-O Nf6 6. c4 Bd6 7. Nbd2 Nbd7 8. b3
O-O 9. Bb2 Ne4 10. e3 Ndf6 11. Rc1 Bd7 12. Nxe4 fxe4 13. Nd2 Be8 14. f3 Bh5 15.
Qc2 exf3 16. Nxf3 Ng4 17. Rce1 Bg6 18. Qe2 Be4 19. Bh3 h5 20. Nd2 Qg5 21. Nxe4
dxe4 22. Qg2 Nxe3 23. Rxf8+ Rxf8 24. Qxe4 Bxg3 0-1

[Event "4NCL/Div3/FPONTY vs. WOB"]
[Site "Sunningdale ENG"]
[Date "2008.10.19"]
[Round "2.6"]
[White "Vaughan, David"]
[Black "Holowczak, Alex"]
[Result "1-0"]
[WhiteElo "2037"]
[BlackElo "1700"]
[PlyCount "109"]
[EventDate "2008.10.19"]
[SourceDate "2008.10.04"]

1. e4 e6 2. d4 d5 3. e5 c5 4. c3 Nc6 5. Nf3 Qb6 6. a3 Bd7 7. Be2 cxd4 8. cxd4
Nge7 9. Nc3 Nf5 10. Na4 Qc7 11. g4 Nh6 12. Rg1 Rc8 13. b4 a6 14. Bb2 Nxe5 15.
Nxe5 Qc2 16. Rc1 Qxd1+ 17. Bxd1 Rxc1 18. Bxc1 Bb5 19. Nc3 Bc4 20. Nxc4 dxc4 21.
Bf3 Bd6 22. Bxb7 Nxg4 23. Rxg4 Bxh2 24. Rxg7 h5 25. Bxa6 h4 26. Rg2 Bb8 27.
Bxc4 h3 28. Rg1 h2 29. Rh1 Rg8 30. Kf1 Rg4 31. Ne2 Ke7 32. f4 Rh4 33. Kg2 Rg4+
34. Kf3 Rh4 35. Kg3 Rh8 36. Rxh2 Rg8+ 37. Kf3 Kf6 38. Bb2 Ke7 39. Bb3 Bc7 40.
Bc1 Bb8 41. Be3 Kd6 42. Nc3 Ke7 43. Ne4 Rc8 44. Rh7 Bc7 45. Ng5 Ra8 46. Rxf7+
Kd6 47. Ne4+ Kc6 48. a4 Rb8 49. b5+ Kb7 50. Nc5+ Kc8 51. Bxe6+ Kd8 52. f5 Bd6
53. Rd7+ Ke8 54. Bf7+ Kf8 55. Bh6# 1-0

[Event "4NCL/Div3/LIT2 vs. WWKS2"]
[Site "Sunningdale ENG"]
[Date "2008.10.19"]
[Round "2.1"]
[White "Compton, Alistair"]
[Black "Page, Mark"]
[Result "1-0"]
[WhiteElo "2088"]
[BlackElo "2140"]
[PlyCount "51"]
[EventDate "2008.10.19"]
[SourceDate "2008.10.04"]

1. e4 c5 2. Nc3 d6 3. f4 Nc6 4. Nf3 g6 5. Bc4 Bg7 6. d3 e6 7. f5 gxf5 8. exf5
d5 9. Bb5 Nf6 10. O-O O-O 11. Bxc6 bxc6 12. Qe1 exf5 13. Bg5 h6 14. Bd2 d4 15.
Na4 Qd5 16. h3 Re8 17. Qh4 f4 18. Bxf4 Nh5 19. Bd2 Bf6 20. Qf2 Bxh3 21. gxh3
Kh8 22. Nh2 Rg8+ 23. Ng4 Rg6 24. Qf5 Be5 25. Rae1 Re8 26. Qxf7 1-0